| 000 | 00440nam a22001457a 4500 | ||
|---|---|---|---|
| 020 | _a9788120301498 | ||
| 082 | _a621.38195835 LEE | ||
| 100 | _aLee, Samuel C. | ||
| 245 | _aDigital circuits and logic design | ||
| 260 |
_aNew Delhi, India _bPHI Learning _c1976 |
||
| 300 |
_axii, 594 p. _bill. ; |
||
| 500 | _aIncludes bibliographies and index. | ||
| 650 | _a1. Digital electronics. 2. Logic design. 3. Integrated circuits. | ||
| 942 | _cBK | ||
| 999 |
_c12452 _d12452 |
||